Normal view
MARC view
- Waseem, Tayyaba
Entry Personal Name
001 - CONTROL NUMBER
- control field: 114378
003 - CONTROL NUMBER IDENTIFIER
- control field: NUST
005 - DATE AND TIME OF LATEST TRANSACTION
- control field: 20230901150230.0
008 - FIXED-LENGTH DATA ELEMENTS
- fixed length control field: 230901|| aca||aabn | a|a d
040 ## - CATALOGING SOURCE
- Original cataloging agency: NUST
- Transcribing agency: NUST
100 ## - HEADING--PERSONAL NAME
- Personal name: Waseem, Tayyaba
670 ## - SOURCE DATA FOUND
- Source citation: Work cat.: (NUST): Waseem, Tayyaba, Preliminary Efficacy of My FRIENDS Youth with At-Risk Pakistani Adolescent Girls Living in Orphanage
